000 00611cam a22002411 4500
001 sa 64003209
003 DLC
005 20260227112015.0
008 890602q19601964ii a 000 0 kano
010 _asa 64003209
035 _a(OCoLC)19807879
040 _aDLC
_cWaU
_dDLC
042 _apremarc
043 _aa-ii---
050 0 0 _aPN6267.K3
_bB5
100 1 _aBhūpālaṃ, Vasudēva,
_d1922-1985.
245 1 0 _aElli, koñca halu kiri.
260 _c[196-?]
300 _aii, ii, 71 p.
_billus.
_c18 cm.
500 _aIn Kannada.
650 0 _aAnecdotes
_zIndia.
650 0 _aKannada wit and humor.
999 _c57773
_d57773